[Event "POLFINALY MISTRZOSTW POLSKI JUNIOROW 2021 C-17"]
[Site "Jatrzebia Gora"]
[Date "1899-12-30"]
[Round "5.3"]
[White "Bartlomowicz, Jakub"]
[Black "Lenart, Jakub"]
[Result "1/2-1/2"]
[WhiteTitle "I"]
[BlackTitle "I"]
[WhiteElo "1842"]
[BlackElo "1660"]

1. e4 c5 2. Nf3 Nc6 3. d4 cxd4 4. Nxd4 Qc7 5. Nc3 e6 6. Be2 a6 7. O-O Nf6 8. Be3
Be7 9. f4 d6 10. Qe1 O-O 11. Qg3 Nxd4 12. Bxd4 b5 13. a3 Bb7 14. Bd3 Bc6 15. Kh1
Qb7 16. Rae1 Rfd8 17. Qh3 g6 18. f5 e5 19. Be3 d5 20. fxg6 hxg6 21. exd5 Bxd5
22. Nxd5 Qxd5 23. Bg5 Rd6 24. Qf3 Qxf3 25. Rxf3 e4 26. Bxe4 Nxe4 27. Bxe7 Re6
28. Rfe3 f5 29. Bh4 Rae8 30. Kg1 Kf7 31. Rd1 g5 32. Rd7+ Kf6 33. Be1 f4 34. Rh3
Kf5 35. Rf7+ Rf6 36. Rxf6+ Nxf6 1/2-1/2

[Event "POLFINALY MISTRZOSTW POLSKI JUNIOROW 2021 C-17"]
[Site "Jatrzebia Gora"]
[Date "1899-12-30"]
[Round "5.5"]
[White "Galeziewski, Olaf"]
[Black "Kaliszuk, Kamil"]
[Result "0-1"]
[WhiteTitle "II"]
[BlackTitle "I+"]
[WhiteElo "1607"]
[BlackElo "1830"]

1. d4 Nf6 2. c4 c5 3. d5 e6 4. Nc3 exd5 5. cxd5 d6 6. Nf3 g6 7. g3 Bg7 8. Bg2 O-O
9. O-O Re8 10. Nd2 a6 11. a4 Nbd7 12. Nc4 Ne5 13. Na3 Rb8 14. h3 Nh5 15. Kh2 f5
16. f4 Nf7 17. Qd3 b6 18. Bf3 Nf6 19. Re1 Qd7 20. Nc4 Ne4 21. Nd1 b5 22. Nd2 g5
23. Qc2 gxf4 24. gxf4 Qe7 25. Bxe4 fxe4 26. Ra3 Qh4 27. Rg1 e3 28. f5 Qf4+ 0-1

[Event "POLFINALY MISTRZOSTW POLSKI JUNIOROW 2021 C-17"]
[Site "Jatrzebia Gora"]
[Date "1899-12-30"]
[Round "5.6"]
[White "Piechota, Kamil"]
[Black "Zabron, Maksym"]
[Result "0-1"]
[WhiteTitle "I"]
[BlackTitle "I++"]
[WhiteElo "1752"]
[BlackElo "1896"]

1. e4 c5 2. c3 Nf6 3. e5 Nd5 4. d4 cxd4 5. cxd4 g6 6. Bc4 Nb6 7. Bb3 Bg7 8. f4
d6 9. Nf3 dxe5 10. fxe5 O-O 11. O-O Nc6 12. Nc3 Na5 13. h3 Nxb3 14. Qxb3 Be6 15.
Qd1 Bc4 16. Rf2 Nd5 17. Qa4 Ba6 18. Ne4 Qb6 19. Nc5 Bb5 20. Qb3 Bc6 21. Qxb6 axb6
22. Nd3 Bb5 23. Nf4 Bc4 24. a3 b5 25. Nxd5 Bxd5 26. Bd2 Rfd8 27. Bc3 Bh6 28. Kh1
f5 29. Re1 Bf4 30. Rff1 Bc4 31. Rg1 Bg3 32. Ra1 Be2 33. Rgc1 Bxf3 34. gxf3 Bf2
35. Rd1 Rd5 36. Kg2 Be3 37. Rd3 f4 38. Rad1 Rc8 39. Kf1 Rcd8 40. Ke2 Kf7 41. Bd2
Bxd2 42. R1xd2 Ke6 43. Rb3 Rxd4 44. Rxd4 Rxd4 45. Rxb5 Rd7 46. a4 Kf5 47. a5 e6
48. h4 h6 49. b4 g5 50. hxg5 hxg5 51. Rc5 Rd4 52. Rb5 Rd7 53. Rc5 Rd4 54. Rb5
Rd7 55. Rc5 g4 56. fxg4+ Kxg4 57. a6 bxa6 58. Rc6 Kf5 59. Rxa6 Rb7 60. Ra4 Rb5
61. Kf3 Rd5 62. Ra5 Rd3+ 63. Ke2 Rb3 64. Rb5 f3+ 65. Kd2 f2 66. Ke2 Rb2+ 67. Kf1
Ke4 68. Ra5 Kd4 69. Ra3 Rxb4 70. Kxf2 Kxe5 71. Ra8 Ke4 72. Rh8 Rb2+ 73. Ke1 e5
74. Rh3 Kd4 75. Rh4+ e4 76. Rh8 Kd3 77. Rd8+ Ke3 78. Kf1 Rb1+ 79. Kg2 Ke2 80.
Rd4 e3 81. Rd8 Rb5 82. Rd7 Rg5+ 83. Kh2 Rg4 84. Kh3 Kf3 85. Rd3 Rf4 0-1

[Event "POLFINALY MISTRZOSTW POLSKI JUNIOROW 2021 C-17"]
[Site "Jatrzebia Gora"]
[Date "1899-12-30"]
[Round "5.7"]
[White "Topola, Rafal"]
[Black "Labedz, Dawid"]
[Result "1-0"]
[WhiteTitle "I"]
[BlackTitle "II+"]
[WhiteElo "1961"]
[BlackElo "1542"]

1. e4 c5 2. Nf3 Nc6 3. c3 d5 4. exd5 Qxd5 5. d4 Bg4 6. dxc5 Qxd1+ 7. Kxd1 e6 8.
Be3 Nf6 9. b4 a5 10. Bb5 O-O-O 11. Ke2 Ne5 12. a3 Nd5 13. h3 Bh5 14. Rc1 Nxf3
15. gxf3 e5 16. Nd2 Be7 17. Bd3 g6 18. Nc4 Nf4+ 19. Bxf4 exf4 20. Ne5 Rd5 21.
Nxf7 Re8 22. Bb5 Rf8 23. Bc4 Rf5 24. Be6+ Kc7 25. Bxf5 gxf5 26. Nd6 Bxd6 27. cxd6+
Kxd6 28. Rd1+ Kc6 29. Rd3 Bf7 30. Rd4 b5 31. a4 Bc4+ 32. Rxc4+ bxc4 33. b5+ Kc5
34. Rd1 Rf6 35. Rd4 Rh6 36. Rxf4 Rf6 37. Rh4 h6 38. Rh5 Kd5 39. Ke3 Re6+ 40. Kf4
Re2 41. Rxf5+ Kd6 42. Rf6+ Kd7 43. Rc6 1-0

[Event "POLFINALY MISTRZOSTW POLSKI JUNIOROW 2021 C-17"]
[Site "Jatrzebia Gora"]
[Date "1899-12-30"]
[Round "5.8"]
[White "Stachecki, Mikolaj"]
[Black "Ullrich, Karol"]
[Result "0-1"]
[WhiteTitle "I+"]
[BlackTitle "II+"]
[WhiteElo "1899"]
[BlackElo "1605"]

1. e4 c6 2. d4 d5 3. exd5 cxd5 4. Bd3 Nf6 5. c3 Bg4 6. Qb3 Qc8 7. Bf4 Nc6 8. Nd2
e6 9. Ngf3 Be7 10. O-O O-O 11. Ne5 Nxe5 12. Bxe5 a6 13. a4 Qc6 14. h3 Bh5 15.
f4 Ne4 16. Bxe4 dxe4 17. f5 e3 18. g4 exd2 19. Bf4 Bxg4 20. hxg4 exf5 21. gxf5
Qe4 22. Rad1 Qxf5 23. Qxb7 Bg5 24. Bxd2 Qg6 25. Bxg5 Qxg5+ 26. Qg2 Qa5 27. Qc2
Qg5+ 28. Qg2 Qa5 29. Qc2 Rac8 30. Rf5 Qd8 31. Qf2 Rc6 32. Rd3 Qd7 33. Rdf3 Rg6+
34. Kh1 Qxa4 35. Qe1 Re8 36. Re5 Rxe5 37. dxe5 Qg4 38. Rf2 Qh3+ 0-1

[Event "POLFINALY MISTRZOSTW POLSKI JUNIOROW 2021 C-17"]
[Site "Jatrzebia Gora"]
[Date "1899-12-30"]
[Round "5.9"]
[White "Kossowski, Pawel"]
[Black "Smuda, Tomasz"]
[Result "1/2-1/2"]
[WhiteTitle "I"]
[BlackTitle "I"]
[WhiteElo "1761"]
[BlackElo "1529"]

1. e4 d6 2. d4 Nf6 3. Nc3 Nbd7 4. Nf3 e5 5. Bc4 Be7 6. O-O c6 7. a4 Qc7 8. Re1
h6 9. Ba2 g5 10. Qd3 Nf8 11. Ne2 Be6 12. Ng3 Bxa2 13. Rxa2 O-O-O 14. Nf5 Ng6 15.
Qc4 g4 16. Nd2 Rdf8 17. b4 exd4 18. Qxd4 Kb8 19. Nc4 d5 20. exd5 Nxd5 21. Nxe7
Ngxe7 22. c3 h5 23. Rae2 Ng6 24. Ne5 Nxe5 25. Rxe5 Qb6 26. Bf4 Nxf4 27. Qxf4 Qc7
28. Qf6 Qd8 29. Re7 Ka8 30. a5 a6 31. g3 Qd2 32. Qe5 Rb8 33. Qe3 Qd5 34. Re5 Qd6
35. Qb6 h4 36. Qd4 Qh6 37. Qe3 hxg3 38. Qxh6 gxf2+ 39. Kxf2 Rxh6 40. Kg3 Rh3+
41. Kxg4 Rxh2 42. Rf1 Rg8+ 43. Kf4 Rh4+ 44. Kf3 Rh3+ 45. Ke2 Rxc3 46. Rxf7 Rc4
47. Kd3 Rxb4 48. Kc3 Rb5 49. Rxb5 axb5 50. Kb4 Rg5 51. a6 bxa6 52. Ka5 b4+ 53.
Kxa6 Rg8 54. Ra7+ Kb8 55. Rb7+ Kc8 56. Rxb4 Kc7 57. Rb7+ Kd6 58. Ka5 Rg4 59. Rh7
Re4 60. Rh6+ Kd5 61. Rh5+ Re5 62. Rh4 c5 63. Kb5 Rf5 64. Rc4 Kd6 65. Rh4 Re5 66.
Rh6+ Kd5 67. Rh4 Rg5 68. Rc4 Kd6 69. Rh4 Rg2 70. Rh6+ Kd5 71. Rh5+ Kd6 72. Rh6+
1/2-1/2

[Event "POLFINALY MISTRZOSTW POLSKI JUNIOROW 2021 C-17"]
[Site "Jatrzebia Gora"]
[Date "1899-12-30"]
[Round "5.10"]
[White "Jozefik, Aleksander"]
[Black "Owoc, Jakub"]
[Result "1-0"]
[WhiteTitle "I"]
[BlackTitle "I"]
[WhiteElo "1601"]
[BlackElo "1751"]

1. e4 e6 2. d4 d5 3. Nc3 Bb4 4. e5 Qd7 5. a3 Bxc3+ 6. bxc3 b6 7. h4 Ba6 8. Bxa6
Nxa6 9. Qg4 f5 10. exf6 Nxf6 11. Qe2 Nb8 12. Nf3 Nc6 13. Bf4 O-O-O 14. O-O Ne4
15. c4 Rdf8 16. Bh2 Rhg8 17. Ne5 Nxe5 18. Bxe5 g5 19. f3 Nd6 20. cxd5 exd5 21.
hxg5 Rxg5 22. f4 Rg6 23. Bxd6 Qxd6 24. Qe5 Qc6 25. Rf2 Re8 26. Qf5+ Kb8 27. Qd3
Re4 28. Rd1 Qf6 29. f5 Rg5 30. Qf3 Rgg4 31. c3 h5 32. Rdf1 h4 33. Re2 Kc8 34.
Rxe4 Rxe4 35. Qh5 Kd7 36. Qh7+ Re7 37. Qg8 Rf7 38. Qg4 Rg7 39. Qf3 c6 40. Re1
Rg3 41. Qh5 Rg8 42. Re6 Qg7 43. Rg6 Qf7 44. Rd6+ Ke8 45. Rd8+ Ke7 46. Rd7+ 1-0

[Event "POLFINALY MISTRZOSTW POLSKI JUNIOROW 2021 C-17"]
[Site "Jatrzebia Gora"]
[Date "1899-12-30"]
[Round "5.11"]
[White "Borkowski, Szymon"]
[Black "Sawicki, Wojciech"]
[Result "1-0"]
[WhiteTitle "I"]
[BlackTitle "II"]
[WhiteElo "1696"]
[BlackElo "1505"]

1. d4 Nf6 2. c4 e6 3. Nc3 Bb4 4. f3 c5 5. a3 Bxc3+ 6. bxc3 d5 7. e3 O-O 8. cxd5
exd5 9. Bd3 Nh5 10. Ne2 Qh4+ 11. g3 Qh3 12. Kf2 Qe6 13. g4 Nf6 14. Nf4 Qd6 15.
g5 Nfd7 16. h4 c4 17. Bc2 Re8 18. Qg1 Nf8 19. h5 Ne6 20. Nxe6 Qxe6 21. e4 Bd7
22. e5 Nc6 23. f4 Ne7 24. a4 Qg4 25. Rb1 Qxg1+ 26. Rxg1 b6 27. Ba3 Nc6 28. f5
Rab8 29. g6 fxg6 30. hxg6 hxg6 31. e6 Bc8 32. Rxg6 Ne7 33. f6 Bxe6 34. Rxg7+ Kf8
35. Bxe7+ Rxe7 36. Rxe7 Re8 37. Re1 Rxe7 38. fxe7+ Kxe7 39. Bf5 1-0

[Event "POLFINALY MISTRZOSTW POLSKI JUNIOROW 2021 C-17"]
[Site "Jatrzebia Gora"]
[Date "1899-12-30"]
[Round "5.12"]
[White "Mocko, Maciej"]
[Black "Wysocki, Mateusz"]
[Result "1/2-1/2"]
[WhiteTitle "II"]
[BlackTitle "I+"]
[WhiteElo "1527"]
[BlackElo "1955"]

1. e4 c5 2. Nc3 Nc6 3. f4 g6 4. Nf3 Bg7 5. d3 e6 6. g3 Nge7 7. Bg2 O-O 8. O-O d6
9. Kh1 Rb8 10. Qe1 b5 11. g4 Nd4 12. Nxd4 cxd4 13. Nd1 f5 14. gxf5 gxf5 15. Rg1
Kh8 16. Nf2 Qe8 17. Qe2 Bb7 18. Bd2 Ng6 19. Qh5 Rc8 20. Nh3 Ne7 21. Qxe8 Rcxe8
22. Bb4 Nc8 23. e5 Bxg2+ 24. Rxg2 Rf7 25. exd6 h6 26. Rag1 Kh7 27. Bc5 Nb6 28.
Bxb6 axb6 29. Rg6 Bf8 30. Rg8 Rd8 31. R1g2 Rxd6 32. Ng1 Bg7 33. Re8 Rc7 34. Nf3
Rdc6 35. Re2 Rxc2 36. R8xe6 b4 37. Nh4 Rxe2 38. Rxe2 Rc5 39. Kg2 Bf6 40. Nf3 Kg7
41. Ne5 Rd5 42. Nc6 Rb5 43. Rc2 b3 44. axb3 Rxb3 45. Rd2 Kf7 46. Kf3 Ke6 47. Ke2
Kd6 48. Rc2 Kd5 49. Nb8 Be7 50. Nd7 Bd6 51. Nf6+ Ke6 52. Nh5 Kf7 53. h3 Kg6 54.
Rc6 Kxh5 55. Rxd6 Rxb2+ 56. Kf3 b5 57. Rxd4 b4 58. Rd5 Kg6 59. Rd6+ Kg7 60. Rb6
Rb1 61. Ke3 b3 62. Kd4 b2 63. Kc3 Rf1 64. Rxb2 Rxf4 65. Rg2+ Kf6 66. Rg3 Ra4 67.
Kd2 Ke5 68. Ke2 h5 69. Kf3 Ra3 70. Ke2 Ra2+ 71. Kf1 h4 72. Rf3 Rd2 73. Ke1 Rh2
74. Kf1 f4 75. Kg1 Rd2 76. Kf1 Rh2 77. Kg1 Re2 78. Kf1 Ra2 79. Kg1 Ra7 80. Rf2
Ra3 81. Rf3 Ra2 82. Kf1 1/2-1/2

[Event "POLFINALY MISTRZOSTW POLSKI JUNIOROW 2021 C-17"]
[Site "Jatrzebia Gora"]
[Date "1899-12-30"]
[Round "5.13"]
[White "Dahche, Abdel-azziz"]
[Black "Majdanski, Maksymilian"]
[Result "1-0"]
[WhiteTitle "I"]
[BlackTitle "I++"]
[WhiteElo "1656"]
[BlackElo "1914"]

1. e4 c5 2. Nf3 Nc6 3. c3 Nf6 4. e5 Nd5 5. d4 cxd4 6. cxd4 d6 7. exd6 Qxd6 8. Nc3
Nxc3 9. bxc3 g6 10. Rb1 Bg7 11. Be2 O-O 12. O-O b6 13. h4 Be6 14. h5 Na5 15. hxg6
hxg6 16. Ng5 Bxa2 17. Rb4 Rfc8 18. Qd3 Bc4 19. Qf3 Qf6 20. Re1 Bxe2 21. Qxe2 Rc7
22. Qg4 Qf5 23. Qg3 Rac8 24. Ne4 Rc6 25. Re3 Nc4 26. Re2 Re6 27. f3 a5 28. Rxc4
Rxc4 29. Qb8+ Kh7 30. g4 Bxd4+ 31. Kg2 Qe5 32. Qf8 g5 33. Qxf7+ Kh8 34. Qf8+ Kh7
35. Nxg5+ Qxg5 36. Rxe6 Bg7 37. Rxe7 Qg6 38. Bd2 a4 39. Qd8 Rc6 40. Re1 Qe6 41.
Rxe6 Rxe6 42. Qd3+ Kg8 43. Qd5 Kf7 44. f4 Ke7 45. Kf3 Rd6 46. Qe4+ Kf7 47. Qf5+
Ke7 48. Qe4+ Kf7 49. Qb7+ Kf6 50. g5+ Kg6 51. f5+ Kxf5 52. Qxg7 Rxd2 53. Qf6#
1-0

[Event "POLFINALY MISTRZOSTW POLSKI JUNIOROW 2021 C-17"]
[Site "Jatrzebia Gora"]
[Date "1899-12-30"]
[Round "5.14"]
[White "Kopestynski, Michal"]
[Black "Ciborowski, Konrad Jr"]
[Result "0-1"]
[WhiteTitle "I"]
[BlackTitle "I++"]
[WhiteElo "1604"]
[BlackElo "1871"]

1. d4 Nf6 2. Nf3 g6 3. Bf4 Bg7 4. Nc3 d5 5. e3 O-O 6. Be2 Bf5 7. O-O h5 8. Na4
c6 9. b3 Nbd7 10. Ne5 Rc8 11. c4 Qa5 12. Bd3 Bxd3 13. Qxd3 Rfd8 14. c5 Nh7 15.
Nxd7 Rxd7 16. Rfc1 g5 17. Be5 f6 18. Qf5 Qd8 19. Qe6+ Kh8 20. Bg3 h4 21. f4 hxg3
22. hxg3 Rdc7 23. Kf2 Qd7 24. Qf7 e5 25. Qg6 Qf7 26. Qf5 Kg8 27. Rh1 Nf8 28. Qe6
0-1

[Event "POLFINALY MISTRZOSTW POLSKI JUNIOROW 2021 C-17"]
[Site "Jatrzebia Gora"]
[Date "1899-12-30"]
[Round "5.15"]
[White "Bekier, Piotr"]
[Black "Skrzypczynski, Kacper"]
[Result "0-1"]
[WhiteTitle "II"]
[BlackTitle "I"]
[WhiteElo "1293"]
[BlackElo "1762"]

1. d4 d5 2. c4 c6 3. Nc3 Nf6 4. Nf3 dxc4 5. e4 Bg4 6. Be3 e6 7. a3 b5 8. Be2 Be7
9. O-O O-O 10. Ne5 Bxe2 11. Qxe2 Nfd7 12. f4 Nxe5 13. fxe5 Bg5 14. d5 Bxe3+ 15.
Qxe3 Qb6 16. Qxb6 axb6 17. dxc6 Nxc6 18. Nxb5 Nxe5 19. Rac1 Rfd8 20. Rfd1 Kf8
21. Kf1 Ke7 22. Ke2 g6 23. h3 f5 24. Nd4 Rac8 25. b3 b5 26. Nxb5 cxb3 27. Rb1
Rc2+ 28. Ke1 Nd3+ 29. Kf1 b2 30. a4 fxe4 0-1

[Event "POLFINALY MISTRZOSTW POLSKI JUNIOROW 2021 C-17"]
[Site "Jatrzebia Gora"]
[Date "1899-12-30"]
[Round "5.16"]
[White "Kitewski, Bartosz"]
[Black "Chybalski, Piotr"]
[Result "1-0"]
[WhiteTitle "I+"]
[BlackTitle "II"]
[WhiteElo "1946"]
[BlackElo "1377"]

1. d4 d5 2. c4 c6 3. Nc3 Nf6 4. Nf3 e6 5. e3 Nbd7 6. Bd3 b6 7. O-O Bb7 8. Qe2 c5
9. Rd1 Be7 10. cxd5 exd5 11. b3 O-O 12. Bb2 Re8 13. Rac1 Rc8 14. Bf5 a6 15. Na4
Rc6 16. Ne5 Rc7 17. Nxd7 Nxd7 18. Bxd7 Rxd7 19. dxc5 bxc5 20. Qg4 f6 21. Nxc5
Bxc5 22. Rxc5 Re4 23. Qg3 Qe7 24. Bd4 f5 25. Rdc1 g5 26. Qh3 Qf8 27. Qh5 Qd8 28.
Qh6 g4 29. f3 Re8 30. fxg4 fxg4 31. Rf1 Qe7 32. Rfc1 1-0

[Event "POLFINALY MISTRZOSTW POLSKI JUNIOROW 2021 C-17"]
[Site "Jatrzebia Gora"]
[Date "1899-12-30"]
[Round "5.17"]
[White "Haliniak, Wojciech"]
[Black "Werner, Kacper"]
[Result "1-0"]
[WhiteTitle "I"]
[BlackTitle "II+"]
[WhiteElo "1827"]
[BlackElo "1589"]

1. e4 c5 2. Nf3 d6 3. d4 cxd4 4. Nxd4 Nf6 5. f3 e5 6. Bb5+ Bd7 7. Bxd7+ Qxd7 8.
Nf5 d5 9. Bg5 dxe4 10. Bxf6 Qxd1+ 11. Kxd1 gxf6 12. fxe4 Rg8 13. g3 Nc6 14. c3
Rd8+ 15. Kc2 Ne7 16. Ne3 Bh6 17. Re1 Bxe3 18. Rxe3 f5 19. exf5 f6 20. Nd2 Rg5
21. Rf1 Rxf5 22. Rxf5 Nxf5 23. Rf3 Nd6 24. Rxf6 Ke7 25. Rh6 Rh8 26. Kd3 Nf7 27.
Rh4 Rd8+ 28. Ke3 h6 29. Ra4 a6 30. Rb4 b5 31. Rg4 Rd6 32. c4 bxc4 33. Rxc4 Rb6
34. b3 Nd6 35. Rc5 Ke6 36. Ra5 Kf5 37. h3 Kf6 38. g4 Rc6 39. Ne4+ Nxe4 40. Kxe4
Rb6 41. Rc5 Rb4+ 42. Kf3 Rb6 43. h4 Rd6 44. Rc4 Re6 45. b4 Rb6 46. Ke4 Ke6 47.
a3 Rd6 48. g5 hxg5 49. hxg5 Rb6 50. Rc5 1-0

[Event "POLFINALY MISTRZOSTW POLSKI JUNIOROW 2021 C-17"]
[Site "Jatrzebia Gora"]
[Date "1899-12-30"]
[Round "5.18"]
[White "Pieczulis, Blazej"]
[Black "Jedrzejczak, Michal"]
[Result "1-0"]
[WhiteTitle "I"]
[BlackTitle "II"]
[WhiteElo "1726"]
[BlackElo "1448"]

1. d4 Nf6 2. c4 g6 3. Nc3 Bg7 4. e4 d6 5. f3 O-O 6. Be3 e5 7. d5 c6 8. Qd2 cxd5
9. cxd5 a6 10. g4 Nbd7 11. h4 h5 12. gxh5 Nxh5 13. Nge2 b5 14. O-O-O Qa5 15. b3
Nc5 16. Kb2 b4 17. Nb1 Bd7 18. Nc1 Bb5 19. Rg1 Nf4 20. Bxc5 dxc5 21. Bc4 Qb6 22.
Nd3 Bxc4 23. bxc4 Rfb8 24. Qe3 b3 25. a3 Qd8 26. Rh1 Qd6 27. Nc3 Rc8 28. Ne2 Qf6
29. Qf2 Kf8 30. Ng3 Nh5 31. Rdg1 Bh6 32. Nxh5 gxh5 33. Rb1 Ke8 34. Kxb3 Qb6+ 35.
Ka2 Qa5 36. Qg3 Qd2+ 37. Rb2 Qxd3 38. Qxe5+ Kd7 39. Rb7+ 1-0

[Event "POLFINALY MISTRZOSTW POLSKI JUNIOROW 2021 C-17"]
[Site "Jatrzebia Gora"]
[Date "1899-12-30"]
[Round "5.19"]
[White "Nowak, Maciej"]
[Black "Wojciechowski, Franciszek"]
[Result "0-1"]
[WhiteTitle "II"]
[BlackTitle "I"]
[WhiteElo "1537"]
[BlackElo "1716"]

1. d4 d5 2. c4 c6 3. Nf3 Nf6 4. Nc3 dxc4 5. a4 Bf5 6. e3 e6 7. Bxc4 Be7 8. O-O
O-O 9. Qe2 Nbd7 10. e4 Bg6 11. Bd3 Rc8 12. e5 Bxd3 13. Qxd3 Nd5 14. Nxd5 cxd5
15. Bf4 h6 16. Qe3 Rc2 17. b3 Qb6 18. Rad1 Rfc8 19. Rd3 Qb4 20. Rfd1 Nf8 21. h4
Rb2 22. h5 Rcc2 23. Nd2 Nh7 24. g4 Bg5 25. Bxg5 Nxg5 26. f3 Rxd2 27. R3xd2 Rxd2
28. Rxd2 Qxd2 29. Qxd2 Nxf3+ 30. Kf2 Nxd2 31. b4 Kf8 32. Ke3 Ne4 33. Kd3 Nf2+
34. Kc3 Nxg4 35. a5 Ke7 36. b5 Kd7 37. Kb4 Kc7 38. Kc5 b6+ 39. axb6+ axb6+ 40.
Kb4 g6 0-1

[Event "POLFINALY MISTRZOSTW POLSKI JUNIOROW 2021 C-17"]
[Site "Jatrzebia Gora"]
[Date "1899-12-30"]
[Round "5.20"]
[White "Mazonik, Oliwier"]
[Black "Szafranski, Maciej"]
[Result "0-1"]
[WhiteTitle "II"]
[BlackTitle "II+"]
[WhiteElo "1432"]
[BlackElo "1596"]

1. f4 d5 2. c4 e6 3. Nf3 Nf6 4. e3 c5 5. cxd5 exd5 6. Bb5+ Bd7 7. Bxd7+ Nbxd7 8.
d4 Be7 9. O-O O-O 10. Nc3 a6 11. a4 Qc7 12. Ne5 Rfd8 13. Qf3 Nf8 14. g4 cxd4 15.
exd4 Qb6 16. Be3 Qxb2 17. Rfc1 Rac8 18. Rab1 Qa3 19. Rxb7 Rxc3 20. Rxc3 Qxc3 21.
Rxe7 Rb8 22. Rxf7 Rb2 23. Kh1 Ne4 24. f5 Qe1+ 25. Bg1 Rb1 26. Rxf8+ Kxf8 27. Qa3+
Kg8 28. Nf3 Qf1 29. h4 Qh3+ 0-1

[Event "POLFINALY MISTRZOSTW POLSKI JUNIOROW 2021 C-17"]
[Site "Jatrzebia Gora"]
[Date "1899-12-30"]
[Round "5.21"]
[White "Zielinski, Sebastian"]
[Black "Wolcyrz, Jakub"]
[Result "1-0"]
[WhiteTitle "II+"]
[BlackTitle "II"]
[WhiteElo "1579"]
[BlackElo "1350"]

1. b3 d5 2. Bb2 Nf6 3. e3 c5 4. f4 Nc6 5. Bb5 Bd7 6. Bxc6 Bxc6 7. Nf3 e6 8. O-O
Bd6 9. d3 Qc7 10. Nbd2 O-O-O 11. Ne5 Rhf8 12. Ndf3 Nd7 13. Ng5 Nxe5 14. fxe5 Bxe5
15. Bxe5 Qxe5 16. Nxf7 Qxe3+ 17. Kh1 d4 18. Nxd8 Rxd8 19. Qg4 h5 20. Qf4 Qxf4
21. Rxf4 Rd5 22. Rf8+ Kc7 23. Rf7+ Kd6 24. Rxg7 Re5 25. Kg1 Re2 26. Rc1 h4 27.
Kf1 Rd2 28. h3 e5 29. Rg6+ Ke7 30. Rg4 Kf6 31. Rxh4 Rxg2 32. Rh6+ Rg6 33. Rxg6+
Kxg6 34. Kf2 Kg5 35. Kg3 e4 36. Rf1 e3 37. h4+ Kg6 38. a4 a6 39. Rc1 Bd5 40. a5
Kh5 41. Rf1 Kg6 42. Rc1 Kh5 43. Rf1 Kg6 44. Rb1 Kh5 45. b4 c4 46. Kf4 cxd3 47.
cxd3 Kxh4 48. Ke5 Bc6 49. Kxd4 e2 50. Ke3 Kg4 51. Kxe2 Kf4 52. Rf1+ Ke5 53. Ke3
Bd7 54. Rg1 Bc6 55. Rg5+ Kf6 56. Rc5 Ke6 57. Kd4 Kd6 58. Rg5 Bf3 59. Rg6+ Kd7
1-0

[Event "POLFINALY MISTRZOSTW POLSKI JUNIOROW 2021 C-17"]
[Site "Jatrzebia Gora"]
[Date "1899-12-30"]
[Round "5.22"]
[White "Wleklik, Mateusz"]
[Black "Bednarczyk, Mateusz"]
[Result "0-1"]
[WhiteTitle "II"]
[BlackTitle "I"]
[WhiteElo "1341"]
[BlackElo "1525"]

1. e4 c5 2. Nf3 Nc6 3. d4 cxd4 4. Nxd4 Nf6 5. Nc3 d6 6. Bg5 e6 7. Qd2 Be7 8. O-O-O
a6 9. f4 Bd7 10. Be2 b5 11. Bf3 Rc8 12. e5 dxe5 13. Nxc6 Bxc6 14. Qxd8+ Bxd8 15.
Bxc6+ Rxc6 16. fxe5 Nd7 17. Bxd8 Kxd8 18. Rd4 Ke7 19. Re1 Rhc8 20. a3 Rc5 21.
Rde4 Rc4 22. R1e3 Rxe4 23. Rxe4 Rc5 24. a4 bxa4 25. Nxa4 Rxe5 26. Rxe5 Nxe5 27.
Nc5 a5 28. Nb7 Nc6 29. Kd2 Kd7 30. Ke3 f5 31. b3 Kc7 32. Nc5 Kd6 33. Nd3 Nb4 34.
c4 Nxd3 35. Kxd3 Kc5 36. Ke3 g5 37. h3 e5 38. g3 a4 39. bxa4 Kxc4 40. a5 Kb5 0-1

[Event "POLFINALY MISTRZOSTW POLSKI JUNIOROW 2021 C-17"]
[Site "Jatrzebia Gora"]
[Date "1899-12-30"]
[Round "5.24"]
[White "Wolny, Dawid"]
[Black "Przybysz, Krzysztof"]
[Result "1/2-1/2"]
[WhiteTitle "II"]
[BlackTitle "II"]
[WhiteElo "1433"]
[BlackElo "1133"]

1. e4 e5 2. Nf3 Nf6 3. Nxe5 d6 4. Nf3 Nxe4 5. Nc3 Nxc3 6. dxc3 Be7 7. Bd3 O-O 8.
Be3 Bg4 9. Qd2 Nd7 10. Nd4 Re8 11. h3 Bh5 12. g4 Bg6 13. O-O-O Bxd3 14. cxd3 Nf6
15. Nf5 Nd5 16. Nxe7+ Qxe7 17. Rde1 Nxe3 18. Rxe3 Qd7 19. Rhe1 Kf8 20. f4 Rxe3
21. Rxe3 Re8 22. f5 d5 23. Qe2 b6 24. d4 Rxe3 25. Qxe3 Qe7 26. Kd2 Qxe3+ 27. Kxe3
f6 28. h4 Ke7 29. b3 b5 30. b4 h6 31. Kf4 a6 32. a3 c6 33. Ke3 Kd7 34. Ke2 Ke7
35. Ke3 Kd7 36. Kd2 Ke7 37. Ke2 Kd7 38. Kf3 Kd6 39. Kf4 Ke7 40. h5 Kd7 41. Kg3
Ke7 1/2-1/2

[Event "POLFINALY MISTRZOSTW POLSKI JUNIOROW 2021 C-17"]
[Site "Jatrzebia Gora"]
[Date "1899-12-30"]
[Round "5.25"]
[White "Komisarski, Jerzy"]
[Black "Trela, Konrad"]
[Result "1-0"]
[WhiteTitle "II"]
[BlackTitle "II"]
[WhiteElo "1258"]
[BlackElo "1453"]

1. e4 c5 2. Nf3 Nc6 3. d4 cxd4 4. Nxd4 Nf6 5. Nc3 g6 6. Be3 Bg7 7. Bc4 Qa5 8. f3
Qb4 9. Bb3 Nxe4 10. fxe4 Bxd4 11. Bxd4 Qxd4 12. Qf3 Ne5 13. Qf4 d6 14. Rf1 O-O
15. Nd5 Nc6 16. Nc7 Rb8 17. Bxf7+ Kg7 18. Ne8+ Kh8 19. Rd1 Rxf7 20. Rxd4 Rxf4
21. Rxf4 Be6 22. Rf8+ Bg8 23. Rc4 Nd8 24. Rc7 Ne6 25. Rxg8+ Kxg8 26. Rxe7 Ng5
27. Nf6+ Kf8 28. Rc7 Ra8 29. Nxh7+ Nxh7 30. Rxh7 Kg8 31. Rxb7 a5 32. Ke2 Re8 33.
Kd3 Re5 34. Rd7 Rg5 35. g3 Rh5 36. h4 g5 37. Rxd6 gxh4 38. gxh4 Rxh4 39. Rd5 Rh3+
40. Kc4 Rh2 41. Kb3 a4+ 42. Kxa4 Rxc2 43. Kb3 Re2 44. e5 Re4 45. a4 Kf7 46. a5
Ke6 47. Rc5 Re1 48. Kc4 Ra1 49. b4 Kd7 50. Kb5 Rh1 51. Kb6 Rh6+ 52. Kb7 Kd8 53.
a6 Rh7+ 54. Kb8 Rh6 55. b5 Rb6+ 56. Ka7 Re6 57. b6 Re7+ 58. Rc7 Rxe5 59. b7 Rf5
1-0

[Event "POLFINALY MISTRZOSTW POLSKI JUNIOROW 2021 C-17"]
[Site "Jatrzebia Gora"]
[Date "1899-12-30"]
[Round "6.1"]
[White "Strepikowski, Pawel"]
[Black "Kietrys, Maciej"]
[Result "0-1"]
[WhiteTitle "I"]
[BlackTitle "I"]
[WhiteElo "1841"]
[BlackElo "1860"]

1. e4 e5 2. Nf3 Nc6 3. d3 Bc5 4. g3 Nge7 5. Bg2 d6 6. O-O Bg4 7. Nbd2 Qd7 8. c3
O-O 9. Nb3 Bb6 10. Be3 f5 11. Bxb6 axb6 12. Nbd2 h6 13. h3 Bxf3 14. Nxf3 Qe6 15.
a3 Rad8 16. Qe2 fxe4 17. dxe4 Na5 18. Nd2 Nb3 19. Nxb3 Qxb3 20. f4 exf4 21. gxf4
Ng6 22. Qg4 Kh7 23. e5 Qc4 24. b3 Qxc3 25. Rad1 dxe5 26. f5 Nf4 27. f6 Qe3+ 28.
Kh1 gxf6 29. Rde1 f5 30. Qh4 Qc5 31. Rc1 Nxg2 32. Kxg2 Rg8+ 33. Kh2 Rd2+ 34. Kh1
Qd5+ 0-1

[Event "POLFINALY MISTRZOSTW POLSKI JUNIOROW 2021 C-17"]
[Site "Jatrzebia Gora"]
[Date "1899-12-30"]
[Round "6.2"]
[White "Kaliszuk, Kamil"]
[Black "Krasniewski, Szymon"]
[Result "1-0"]
[WhiteTitle "I+"]
[BlackTitle "I"]
[WhiteElo "1830"]
[BlackElo "1821"]

1. e4 c5 2. Nf3 e6 3. d4 cxd4 4. Nxd4 Nf6 5. Nc3 Nc6 6. Nxc6 bxc6 7. e5 Nd5 8.
Ne4 Bb7 9. Be2 c5 10. O-O Qc7 11. Nd6+ Bxd6 12. exd6 Qc6 13. f3 O-O 14. c4 Nb6
15. Qd2 e5 16. b3 Rae8 17. Ba3 Re6 18. Rad1 f5 19. Qe3 Rc8 20. Rfe1 e4 21. fxe4
Rxe4 22. Qf2 Rf4 23. Bf3 Rxf3 24. gxf3 Qxf3 25. Qxf3 Bxf3 26. Rd2 Be4 27. h4 Rc6
28. Bb2 Nc8 29. Be5 g6 30. Kf2 Kf7 31. Rg1 h6 32. Bf4 h5 33. Rg3 Ra6 34. Ke1 Rc6
35. Kd1 Ra6 36. Kc1 Rc6 37. Kb2 Ra6 38. Ka1 Rc6 39. Kb2 Ra6 40. Ka1 Rc6 41. Rd1
Rb6 42. Rdg1 Nxd6 43. Rd1 Ke7 44. Rxg6 Nf7 45. Rdg1 Rxg6 46. Rxg6 d6 47. Kb2 Ne5
48. Bg5+ Kd7 49. Rg7+ Kc6 50. Kc3 a6 51. Ra7 Kb6 52. Rh7 f4 53. Bd8+ Kc6 54. Rc7+
Kb6 55. Rf7+ Kc6 56. Rxf4 Bb1 57. a3 Kd7 58. Bg5 Bg6 59. Rf6 Be8 60. Bf4 Nf7 61.
Bg3 Ke7 62. Rf2 Kd7 63. Rd2 Ke6 64. Rd5 Bc6 65. Rd2 Be8 66. b4 cxb4+ 67. axb4
Bc6 68. Ra2 Bb7 69. Re2+ Kf6 70. Kd4 Bc8 71. Re8 Bh3 72. Ra8 Ne5 73. Bxe5+ dxe5+
74. Ke3 Bg2 75. Rxa6+ Kf5 76. Ra5 Bf1 77. c5 Bg2 78. b5 Kg4 79. Ra4+ e4 80. b6
1-0